Les Icônes et Héros d'EA Sports FC 24 - Statistiques

Statistiques générales
  • Ce quiz a été pris 1 316 fois
  • Le résultat moyen est 66 sur 166
Statistiques - réponses
Note Joueur Pays % Correct
89 Ghana Ligue 1 Abedi Pelé Ghana
97%
95 Brazil Pelé Brésil
97%
94 France Zinédine Zidane France
97%
94 Brazil Ronaldo Brésil
94%
93 Brazil Ronaldinho Brésil
88%
93 Netherlands Johan Cruyff Pays-Bas
81%
92 Hungary Ferenc Puskás Hongrie
78%
92 Russia Lev Yashin Russie
78%
92 Italy Paolo Maldini Italie
75%
91 France Theirry Henry France
72%
90 Brazil Roberto Carlos Brésil
71%
90 Netherlands Ruud Gullit Pays-Bas
68%
92 Germany Gerd Müller Allemagne
66%
91 Portugal Eusébio Portugal
64%
90 Northern Ireland George Best Irlande du Nord
64%
89 Cameroon Samuel Eto’o Cameroun
61%
89 Ivory Coast Didier Drogba Côte d'Ivoire
60%
93 United States Mia Hamm États-Unis
60%
90 Spain Xavi Espagne
60%
90 Brazil Rivaldo Brésil
57%
92 Brazil Garrincha Brésil
56%
88 France Laurent Blanc France
56%
91 Netherlands Marco van Basten Pays-Bas
56%
89 Germany Philipp Lahm Allemagne
55%
88 Ukraine Andriy Shevchenko Ukraine
54%
91 Brazil Cafu Brésil
54%
89 Portugal Luís Figo Portugal
53%
91Brazil Carlos Alberto Brésil
52%
89 Brazil Kaká Brésil
52%
87 France Emmanuel Petit France
51%
90 Spain Iker Casillas Espagne
50%
88 Czech Republic Pavel Nedvěd République Tchèque
50%
90 Italy Andrea Pirlo Italie
49%
92 England Bobby Charlton Angleterre
49%
89 Spain Carles Puyol Espagne
49%
89 Bulgaria Hristo Stoichkov Bulgarie
49%
89 Scotland Kenny Dalglish Écosse
49%
88 France Marcel Desailly France
49%
88 France Patrick Vieira France
49%
86 Ireland Premier League Robbie Keane Irlande
49%
86 Ireland Roy Keane Irlande
49%
89 France Ligue 1 David Ginola France
48%
88 Nigeria Premier League Jay-Jay Okocha Nigeria
48%
89 Denmark Peter Schmeichel Danemark
48%
88 Czech Republic Petr Čech République Tchèque
48%
88 France Bundesliga Bixente Lizarazu France
47%
89 Italy Fabio Cannavaro Italie
47%
88 Romania Gheorghe Hagi Roumanie
47%
86 Ghana Michael Essien Ghana
47%
88 Denmark Michael Laudrup Danemark
47%
91 Brazil Zico Brésil
47%
87 Spain Fernando Torres Espagne
46%
89 Italy Alessandro Nesta Italie
44%
88 France Franck Ribéry France
44%
91Italy Franco Baresi Italie
44%
86 Sweden Henrik Larsson Suède
44%
91 Japan Homare Sawa Japon
44%
89 Mexico Hugo Sánchez Mexique
44%
89 France Ligue 1 Jean-Pierre Papin France
44%
88 England Wayne Rooney Angleterre
44%
88 England David Beckham Angleterre
43%
86 Mexico Luis Hernández Mexique
43%
89 Brazil Sócrates Brésil
43%
90 Italy Alessandro Del Piero Italie
42%
88 Netherlands Edwin van der Sar Pays-Bas
42%
89 Brazil Jairzinho Brésil
42%
90 Germany Lothar Matthäus Allemagne
42%
91 Italy Roberto Baggio Italie
42%
88 England Steven Gerrard Angleterre
42%
87 France Claude Makélélé France
41%
87 France David Trezeguet France
41%
87 England Frank Lampard Angleterre
41%
87 Wales Ian Rush Pays de Galles
41%
87 Serbia Nemanja Vidić Serbie
41%
87 Croatia Davor Šuker Croatie
40%
88 England Rio Ferdinand Angleterre
40%
87 Ivory Coast Premier League Yaya Touré Côte d'Ivoire
40%
87 Japan Serie A Hidetoshi Nakata Japon
39%
88 Spain Fernando Hierro Espagne
38%
89 Argentina Javier Zanetti Argentine
38%
89 Brazil Serie A Lúcio Brésil
38%
90 England Bobby Moore Angleterre
37%
86 Argentina Hernán Crespo Argentine
37%
86 Argentina Juan Sebastián Verón Argentine
37%
90 Spain Raúl Espagne
37%
86 England Ashley Cole Angleterre
36%
89 France Éric Cantona France
36%
89 Spain LaLiga Fernando Morientes Espagne
36%
86 South Korea Premier League Ji-sung Park Corée du Sud
36%
87 England Premier League Joe Cole Angleterre
36%
87 France Robert Pirès France
36%
86 Italy Gianluca Zambrotta Italie
35%
88 Finland Eredivisie Jari Litmanen Finlande
35%
88 Argentina Juan Román Riquelme Argentine
35%
88 England Michael Owen Angleterre
35%
88 Belgium Premier League Vincent Kompany Belgique
35%
88 Uruguay LaLiga Diego Forlán Uruguay
34%
89 Spain Emilio Butragueño Espagne
34%
88 Netherlands Robin van Persie Pays-Bas
34%
87 Portugal Serie A Rui Costa Portugal
34%
89 Netherlands Ruud van Nistelrooy Pays-Bas
34%
85 Saudi Arabia Scottish Premiership Saeed Al-Owairan Arabie Saoudite
34%
90 France Camille Abily France
33%
88 Netherlands Ronald Koeman Pays-Bas
32%
89 Germany Bundesliga Rudi Völler Allemagne
32%
87 Spain Xabi Alonso Espagne
32%
92 Germany Birgit Prinz Allemagne
31%
85 United States MLS Clint Dempsey États-Unis
31%
90 Netherlands Dennis Bergkamp Pays-Bas
31%
89 England Gary Lineker Angleterre
31%
87 Germany Michael Ballack Allemagne
31%
88 Germany Miroslav Klose Allemagne
31%
86 Italy Gennaro Gattuso Italie
30%
87 Italy Gianfranco Zola Italie
30%
87 Colombia Serie A Iván Córdoba Colombie
30%
86 United States MLS Landon Donovan États-Unis
30%
89 England Alan Shearer Angleterre
29%
87 Mexico MLS Jorge Campos Mexique
29%
86 France Ligue 1 Sidney Govou France
29%
85 Australia Premier League Tim Cahill Australie
29%
87 Bulgaria Premier League Dimitar Berbatov Bulgarie
28%
87 Netherlands Frank Rijkaard Pays-Bas
28%
88 Argentina LaLiga Javier Mascherano Argentine
28%
87 Netherlands Clarence Seedorf Pays-Bas
27%
89 Germany Bundesliga Jürgen Kohler Allemagne
27%
88 England Paul Scholes Angleterre
27%
86 England Sol Campbell Angleterre
27%
88 Argentina Premier League Carlos Tévez Argentine
26%
88 Mexico LaLiga Rafael Márquez Mexique
26%
86 Saudi Arabia Saudi Pro League Sami Al-Jaber Arabie Saoudite
26%
88 Netherlands Serie A Wesley Sneijder Pays-Bas
26%
88 Germany Bastian Schweinsteiger Allemagne
25%
87 Italy Serie A Claudio Marchisio Italie
25%
88 Argentina Serie A Diego Milito Argentine
25%
86 Poland Premier League Jerzy Dudek Pologne
25%
89 England Kelly Smith Angleterre
25%
86 France Division 1 Féminine Sonia Bompastor France
25%
86 Poland Bundesliga Włodzimierz Smolarek Pologne
25%
88 Italy Serie A Antonio Di Natale Italie
24%
87 England Ian Wright Angleterre
24%
87 Sweden Serie A Tomas Brolin Suède
24%
87 Australia Premier League Harry Kewell Australie
23%
87 Netherlands Patrick Kluivert Pays-Bas
23%
88 Portugal LaLiga Paulo Futre Portugal
23%
86 Norway Premier League Ole Gunnar Solskjær Norvège
22%
88 Portugal Liga Portugal Ricardo Carvalho Portugal
22%
86 Nigeria Premier League Nwankwo Kanu Nigeria
21%
86 Russia LaLiga Aleksandr Mostovoi Russie
20%
89 Italy Serie A Gianluca Vialli Italie
20%
87 England John Barnes Angleterre
20%
86 Brazil Premier League Ramires Brésil
20%
88 Uruguay LPF AFA Enzo Francescoli Uruguay
19%
86 Spain LaLiga Joan Capdevila Espagne
19%
86 Norway Premier League John Arne Riise Norvège
19%
86 France Ligue 1 Ludovic Giuly France
19%
86 Czech Republic Premier League Tomáš Rosický République Tchèque
19%
85 England FA Women's Super League Alex Scott Angleterre
18%
86 Netherlands Eredivisie Dirk Kuyt Pays-Bas
18%
85 Germany Bundesliga Lars Ricken Allemagne
17%
88 Germany Bundesliga Mario Gómez Allemagne
17%
85 England Premier League Peter Crouch Angleterre
17%
88 Germany Frauen-Bundesliga Nadine Keßler Allemagne
15%
86 Sweden Premier League Fredrik Ljungberg Suède
12%
85 United States MLS DaMarcus Beasley États-Unis
11%
86 England Premier League Ledley King Angleterre
11%
87 England Premier League Steve McManaman Angleterre
11%
Aucun quiz correspondant
Distribution des résultats
% des personnes avec chaque résultat
Percentile par nombre de réponses
Votre historique - résultats
Vous n’avez pas pris ce quiz